000 00786nam a2200277 a 4500
999 _c6400
_d6400
001 6400
003 BD-JhCC
005 20180122185818.0
008 180122s1986 ilua 001 0 eng d
020 _a0256035377
035 _a(BD-JhCC)6400
040 _aBD-JhCC
_cDLC
_dBD-JhCC
041 _aeng
050 0 0 _aQA76
_b.S736 1986
082 0 0 _a004
_219
_bSTA 1986
100 1 _aStair, Ralph M.
245 1 0 _aComputers in today's world /
_cRalph M. Stair, Jr.
260 _aHomewood, Ill. :
_bIrwin,
_c1986.
300 _axxiv, 673 p. :
_bill. (some col.) ;
_c25 cm.
440 4 _aThe Irwin series in information and decision sciences
500 _aReference card for BASIC inserted.
500 _aIncludes index.
650 0 _aComputers.
942 _2ddc
_cBK